| Tag |
First Indicator |
Second Indicator |
Subfields |
| LEADER |
00000cam a2200000 a 4500 |
| 001 |
in00000765446 |
| 005 |
20151017052712.0 |
| 008 |
890525s1988 ne a b 10110 eng d |
| 020 |
|
|
|a 0444810366
|
| 035 |
|
|
|a (OCoLC)19764921
|
| 035 |
|
|
|9 ADL1455AM
|
| 040 |
|
|
|a KKU
|c KKU
|d TXA
|d UtOrBLW
|
| 049 |
|
|
|a TXAM
|c [A11870198]
|
| 050 |
|
4 |
|a QH604
|b .S88 1987
|
| 111 |
2 |
|
|a Symposium of the International Prize for Biology
|n (3rd :
|d 1987 :
|c National Institute for Basic Biology)
|
| 245 |
1 |
0 |
|a Regulatory mechanisms in developmental processes :
|b proceedings of the 3rd Symposium of the International Prize for Biology, National Institute for Basic Biology, Okazaki, 27-28 November, 1987 /
|c edited by G. Eguchi, T.S. Okada, and L. Saxén.
|
| 264 |
|
1 |
|a Amsterdam ;
|a New York :
|b Elsevier,
|c 1988.
|
| 300 |
|
|
|a xiv, 160 pages :
|b illustrations ;
|c 26 cm.
|
| 336 |
|
|
|a text
|b txt
|2 rdacontent
|
| 337 |
|
|
|a unmediated
|b n
|2 rdamedia
|
| 338 |
|
|
|a volume
|b nc
|2 rdacarrier
|
| 500 |
|
|
|a "Published also as: Cell differentiation and development, volume 25, supplement (1988)"--P. facing title page.
|
| 504 |
|
|
|a Includes bibliographical references and index.
|
| 650 |
|
0 |
|a Cellular control mechanisms
|v Congresses.
|
| 700 |
1 |
|
|a Eguchi, Gorō,
|d 1933-
|
| 700 |
1 |
|
|a Okada, T. S.
|
| 700 |
1 |
|
|a Saxén, Lauri.
|
| 740 |
0 |
|
|a Cell differentiation and development, vol. 25, supplement (1988)
|
| 999 |
|
|
|a MARS
|
| 999 |
f |
f |
|s 81f3837b-8b21-38b3-817a-70e470bd2e14
|i f4c51b57-67f6-37be-a507-61c8be24411d
|t 0
|
| 952 |
f |
f |
|p ric
|a Texas A&M University
|b Rellis Campus
|c Joint Library Facility
|d Remote Storage
|t 0
|e QH604 .S88 1987
|h Library of Congress classification
|i unmediated -- volume
|m A14811870198
|
| 998 |
f |
f |
|a QH604 .S88 1987
|t 0
|l Remote Storage
|